00912nam a2200217 a 450000100060000000300090000600800410001501500210005602000270007704000280010408200180013210000210015024500470017125000810021826000510029930000180035050000670036850400520043550501540048765000530064125255CO-ViMGA141112s2004 ck r 000 u spa d ack - 2011 - xxxx a9789586765367 (tomo 1) aCO-ViMGAbspacCO-ViMGA04a342.06 P351a91 aPenagos, Gustavo10aEl acto administrativo / cGustavo Penagos a9a. ed. corr. y actualizada con el nuevo código contencioso administrativo aBogotá : bEdiciones Doctrina y Ley, cc2011 a2 v. ; 24 cm. aIncluye índice de autores, materias y normas en cada volumen aIncluye bibliografía al final de cada volumen aTomo 1. Parte general, nuevas tendencias - - Los actos administrativos transnacionales y electrónicos - - Tomo 2. Parte especial, nuevas tendencias14aActos administrativos - Legislación - Colombia